[Event "MTN-ch"]
[Site "Nouakchott"]
[Date "2017.01.07"]
[Round "8"]
[White "Ahmed Val, Ahmedou"]
[Black "Hemam, Moulaye Brahim"]
[Result "0-1"]
[WhiteElo "1764"]
[BlackElo "2004"]
[PlyCount "74"]
[EventDate "2016.12.23"]
[EventType "tourn"]
[EventRounds "9"]
[EventCountry "MAU"]
[SourceTitle "CBM 176 Extra"]
[Source "ChessBase"]
[SourceDate "2017.03.02"]
[SourceVersion "1"]
[SourceVersionDate "2017.03.02"]
[SourceQuality "1"]

1. e4 e5 2. Bc4 Nf6 3. d3 Bc5 4. Ne2 Nc6 5. c3 0-0 6. 0-0 d5 7. exd5 Nxd5 8. Ng3 Be6 9. Ne4 Be7 10. Bb3 f5 11. f3 Na5 12. Ng3 Nxb3 13. axb3 Bc5+ 14. Kh1 Ne3 15. Bxe3 Bxe3 16. Qe2 f4 17. Ne4 Qh4 18. Nf2 Rf6 19. h3 Rg6 20. Ng4 Bxg4 21. fxg4 h5 22. gxh5 Rg5 23. Nd2 Rf8 24. Nf3 Qxh5 25. d4 Kh8 26. dxe5 Rxe5 27. Qc4 Rc5 28. Qb4 Qf7 29. Rfe1 Rh5 30. Qxb7 Re8 31. Nd4 a5 32. Nb5 f3 33. Nd4 fxg2+ 34. Qxg2 Qd7 35. Kh2 Bf4+ 36. Kg1 Rxe1+ 37. Rxe1 Rg5 0-1

[Event "Nouakchott op 4th"]
[Site "Nouakchott"]
[Date "2012.10.20"]
[Round "5"]
[White "Ahmed Val, Ahmedou"]
[Black "Ishak, Cheikh Ahmed"]
[Result "1-0"]
[WhiteElo "1821"]
[BlackElo "1784"]
[PlyCount "61"]
[EventDate "2012.10.18"]
[EventType "swiss"]
[EventRounds "7"]
[EventCountry "MAU"]
[SourceTitle "EXT 2014"]
[Source "ChessBase"]
[SourceDate "2013.11.20"]
[SourceVersion "1"]
[SourceVersionDate "2013.11.20"]
[SourceQuality "1"]

1. e4 e5 2. Nf3 d6 3. d4 exd4 4. Nxd4 Nf6 5. Bd3 Be6 6. Nxe6 fxe6 7. c3 Be7 8. Qb3 0-0 9. Qxe6+ Kh8 10. 0-0 Nbd7 11. b4 c6 12. f4 a5 13. Be3 a4 14. Na3 b5 15. Rad1 Ng8 16. Bd4 Nb6 17. Rf3 Rb8 18. Rh3 Nc4 19. Nxc4 bxc4 20. Bxc4 Bf6 21. e5 dxe5 22. Bxe5 Qb6+ 23. Kh1 Rbe8 24. Qf5 h6 25. Bd3 g6 26. Qxg6 Qa7 27. Rxh6+ Nxh6 28. Qxh6+ Kg8 29. Bc4+ Rf7 30. Bxf6 Ref8 31. Qg7# 1-0

[Event "Nouakchott op 4th"]
[Site "Nouakchott"]
[Date "2012.10.20"]
[Round "6"]
[White "Ahmed Val, Ahmedou"]
[Black "Nocha, Sidahmed"]
[Result "0-1"]
[WhiteElo "1821"]
[BlackElo "1852"]
[PlyCount "134"]
[EventDate "2012.10.18"]
[EventType "swiss"]
[EventRounds "7"]
[EventCountry "MAU"]
[SourceTitle "EXT 2014"]
[Source "ChessBase"]
[SourceDate "2013.11.20"]
[SourceVersion "1"]
[SourceVersionDate "2013.11.20"]
[SourceQuality "1"]

1. d4 e6 2. e4 d5 3. Bd3 c5 4. c3 Nc6 5. Nf3 Nf6 6. e5 Nd7 7. 0-0 Be7 8. Re1 cxd4 9. cxd4 Qb6 10. Bc2 Nb4 11. Bb3 Nf8 12. Nc3 Bd7 13. Bg5 Ng6 14. Na4 Bxa4 15. Bxa4+ Nc6 16. Be3 Rc8 17. a3 a6 18. Rb1 Qc7 19. Nd2 b5 20. Bb3 Na5 21. Ba2 Nc4 22. Nxc4 dxc4 23. f4 Rd8 24. Qf3 Qd7 25. Rbd1 Qd5 26. Qf2 Nh4 27. Bb1 g6 28. Bc1 Nf5 29. Be4 Qd7 30. d5 exd5 31. Rxd5 Qc8 32. Rxd8+ Kxd8 33. Rd1+ Ke8 34. Kh1 Bc5 35. Bxf5 gxf5 36. Be3 Be7 37. Bd4 Rg8 38. Qf3 Rg6 39. Rd2 Kf8 40. Bc3 Bc5 41. Ba5 Be7 42. Bc3 Ke8 43. Ba5 Qc6 44. Qh3 Qe4 45. Rd1 Qe2 46. Qf3 Qxf3 47. gxf3 Bc5 48. Bd8 Rg1+ 49. Rxg1 Bxg1 50. Kxg1 Kxd8 51. Kf2 Kd7 52. Ke3 Kc6 53. Kd4 a5 54. h3 h6 55. h4 h5 56. a4 Kb6 57. Kd5 c3 58. bxc3 bxa4 59. Kc4 Kc6 60. Kd3 a3 61. Kc2 a4 62. Kb1 Kc5 63. Ka2 Kc4 64. Kxa3 Kxc3 65. Kxa4 Kd3 66. Kb5 Ke3 67. Kc5 Kxf3 0-1

[Event "Nouakchott op 4th"]
[Site "Nouakchott"]
[Date "2012.10.18"]
[Round "1"]
[White "Elhaj, Med Elbechir"]
[Black "Ahmed Val, Ahmedou"]
[Result "1/2-1/2"]
[WhiteElo "1615"]
[BlackElo "1821"]
[PlyCount "90"]
[EventDate "2012.10.18"]
[EventType "swiss"]
[EventRounds "7"]
[EventCountry "MAU"]
[SourceTitle "EXT 2014"]
[Source "ChessBase"]
[SourceDate "2013.11.20"]
[SourceVersion "1"]
[SourceVersionDate "2013.11.20"]
[SourceQuality "1"]

1. Nf3 d5 2. d4 Nf6 3. g3 e6 4. a3 h6 5. Bg2 Bd6 6. 0-0 Nbd7 7. Nc3 c6 8. b4 e5 9. dxe5 Nxe5 10. Nd4 a6 11. Bf4 0-0 12. e4 dxe4 13. Nxe4 Nxe4 14. Bxe4 Ng6 15. Bxd6 Qxd6 16. c3 Bh3 17. Re1 Rad8 18. Qh5 Bc8 19. Rad1 Qf6 20. Re3 Ne5 21. Qxe5 Qxe5 22. Bh7+ Kxh7 23. Rxe5 f6 24. Re7 Kg6 25. Rde1 Rf7 26. R1e3 Bh3 27. Nf3 Rxe7 28. Rxe7 Rd1+ 29. Ne1 Ra1 30. a4 b6 31. f3 Rxa4 32. g4 a5 33. bxa5 Rxa5 34. Re6 Re5 35. Rxe5 fxe5 36. Nd3 h5 37. Nxe5+ Kg5 38. Nxc6 hxg4 39. fxg4 Bxg4 40. Kf2 Bc8 41. Kg3 Bb7 42. h4+ Kf6 43. Nb4 b5 44. Kf4 g6 45. Nc2 Bd5 1/2-1/2